| Поле | Инд. | ПП | Название | Значение |
|---|---|---|---|---|
| Тип записи | a | |||
| Библиографический уровень | a | |||
| 001 | Контрольный номер | RU/IS/BASE/262109785 | ||
| 005 | Дата корректировки | 20231216092134.3 | ||
| 084 | a | Индекс другой классификации/Индекс ББК | 81.60-00; 81.008 | |
| 090 | 00 | a | Полочн. индекс | 81я43 |
| x | Авторский знак | П 781 | ||
| 100 | 10 | a | Автор | Шарадзенидзе Т. С. |
| 245 | 00 | a | Заглавие | Что может дать изучение живого языка и его диалектов для установления закономерностей развития языка |
| 650 | 04 | a | Основная рубрика | филологические науки |
| a | Основная рубрика | языкознание | ||
| 653 | 00 | a | Ключевые слова | взаимодействие языков |
| a | Ключевые слова | диалекты | ||
| a | Ключевые слова | закономерности развития языка | ||
| a | Ключевые слова | кавказские языки | ||
| a | Ключевые слова | общее | ||
| a | Ключевые слова | развитие языка | ||
| a | Ключевые слова | сравнительно-историческая лингвистика | ||
| a | Ключевые слова | языковые изменения | ||
| 773 | 00 | d | Дата издания источника | Москва, 1967 |
| g | Прочая информация | С. 263-266 | ||
| t | Заглавие источника | Проблемы языкознания | ||
| w | Контрольный № источника | RU/IS/BASE/102085341 | ||
| 901 | t | Тип документа | a |